INSTRUMENTAL METHODS OF CHEMICAL ANALYSIS (Record no. 22237)

MARC details
000 -LEADER
fixed length control field 00276nam a22001217a 4500
003 - CONTROL NUMBER IDENTIFIER
control field SGT
082 ## - DEWEY DECIMAL CLASSIFICATION NUMBER
Classification number 543.08
Item number CHA
100 ## - MAIN ENTRY--PERSONAL NAME
Personal name CHATWAL R. GURDEEP
245 ## - TITLE STATEMENT
Title INSTRUMENTAL METHODS OF CHEMICAL ANALYSIS
260 ## - PUBLICATION, DISTRIBUTION, ETC. (IMPRINT)
Place of publication, distribution, etc INDIA
Name of publisher, distributor, etc HPH
Year of Publication 2021
300 ## - PAGE DESCRIPTION
No. of Pages 373
942 ## - ADDED ENTRY ELEMENTS (KOHA)
Source of classification or shelving scheme Dewey Decimal Classification
Koha item type Books
942 ## - ADDED ENTRY ELEMENTS (KOHA)
-- 10
Holdings
Withdrawn status Lost status Source of classification or shelving scheme Damaged status Not for loan Collection code Home library Current library Shelving location Date acquired Vendor Name Cost, normal purchase price SGTU Bill Number Total Checkouts Full call number Accession No. (Barcode) Date last seen Date last borrowed Bill Date Koha item type
    Dewey Decimal Classification     SCIENCE SGT Science & Social Sciences Library SGT Science & Social Sciences Library Text Book 25/02/2022 ABC 698.00 SGTU 13646 3 543.08 CHA PS6321 13/01/2025 04/01/2025   Books
    Dewey Decimal Classification     SCIENCE SGT Science & Social Sciences Library SGT Science & Social Sciences Library Text Book 25/02/2022 ABC 698.00 SGTU 13646 4 543.08 CHA PS6322 11/03/2025 03/03/2025   Books
    Dewey Decimal Classification     SCIENCE SGT Science & Social Sciences Library SGT Science & Social Sciences Library Text Book 25/02/2022 ABC 698.00 SGTU 13646 3 543.08 CHA PS6323 21/04/2026 01/04/2026   Books
    Dewey Decimal Classification     SCIENCE SGT Science & Social Sciences Library SGT Science & Social Sciences Library Text Book 25/02/2022 ABC 698.00 SGTU 13646   543.08 CHA PS6324 25/02/2022     Books
    Dewey Decimal Classification     SCIENCE SGT Science & Social Sciences Library SGT Science & Social Sciences Library Text Book 25/02/2022 ABC 698.00 SGTU 13646 1 543.08 CHA PS6325 06/12/2022 21/11/2022   Books